Southville International School and Colleges
Your cart is empty.
  • Cart
  • Lists
    Public lists Eva Luna New books Lux_list list_1
    Your lists Log in to create your own lists
  • Log in to your account
  • Your cookies
  • Search history
Southville International School and Colleges
  • Advanced search
  • Recent comments
  • Most popular
  • Libraries

Log in to your account

Log in with GOOGLE


If you do not have an external account, but do have a local account, you can still log in:

  1. Home
  2. MARC view: Artificial intelligence programming with python
Normal view MARC view ISBD view

Artificial intelligence programming with python (Record no. 366246)

[ view plain ]
MARC details
000 -LEADER
fixed length control field 00746nam a22002057a 4500
003 - CONTROL NUMBER IDENTIFIER
control field 0
005 - DATE AND TIME OF LATEST TRANSACTION
control field 20240918151333.0
008 - FIXED-LENGTH DATA ELEMENTS--GENERAL INFORMATION
fixed length control field 240918b xxu||||| |||| 00| 0 eng d
020 ## - INTERNATIONAL STANDARD BOOK NUMBER
International Standard Book Number 978-1-119-82086-4
050 ## - LIBRARY OF CONGRESS CALL NUMBER
Classification number QA 76.73
Item number .X53 2022
100 ## - MAIN ENTRY--PERSONAL NAME
Personal name Xiao, Perry
245 ## - TITLE STATEMENT
Title Artificial intelligence programming with python
Remainder of title from zero to hero
Statement of responsibility, etc Perry Xiao
260 ## - PUBLICATION, DISTRIBUTION, ETC. (IMPRINT)
Place of publication, distribution, etc New Jersey
Name of publisher, distributor, etc John Wiley & Sons, Inc.
Date of publication, distribution, etc 2022
300 ## - PHYSICAL DESCRIPTION
Extent xxix, 681 pages :
Other physical details black and white illustrations and pictures ;
Dimensions 24cm.
504 ## - BIBLIOGRAPHY, ETC. NOTE
Bibliography, etc Includes bibliographical references, glossary, and index. <br/>
650 ## - SUBJECT ADDED ENTRY--TOPICAL TERM
Topical term or geographic name as entry element Artificial Intelligence.
650 ## - SUBJECT ADDED ENTRY--TOPICAL TERM
Topical term or geographic name as entry element Artificial Intelligence--Programming.
650 ## - SUBJECT ADDED ENTRY--TOPICAL TERM
Topical term or geographic name as entry element Artificial Intelligence--Python.
942 ## - ADDED ENTRY ELEMENTS (KOHA)
Source of classification or shelving scheme Library of Congress Classification
Koha item type Books
Holdings
Withdrawn status Lost status Source of classification or shelving scheme Damaged status Home library Current library Shelving location Date acquired Source of acquisition Sub Shelving location Total Checkouts Full call number Barcode Date last seen Price effective from Koha item type
    Library of Congress Classification   College Library College Library Reserve Section 09/18/2024 Library Fund     QA 76.73 .X53 2022 C23420 09/18/2024 09/18/2024 Books

Artificial intelligence programming with python

APA

Xiao P., . (2022). Artificial intelligence programming with python. New Jersey: John Wiley & Sons, Inc.

Chicago

Xiao Perry, . 2022. Artificial intelligence programming with python. New Jersey: John Wiley & Sons, Inc.

Harvard

Xiao P., . (2022). Artificial intelligence programming with python. New Jersey: John Wiley & Sons, Inc.

MLA

Xiao Perry, . Artificial intelligence programming with python. New Jersey: John Wiley & Sons, Inc. 2022.

  • Place hold
  • Print
  • Cite
  • Add to your cart (remove)
  • Save record
    BIBTEX Dublin Core MARCXML MARC (non-Unicode/MARC-8) MARC (Unicode/UTF-8) MARC (Unicode/UTF-8, Standard) MODS (XML) RIS
  • More searches
    Search for this title in:
    Other Libraries (WorldCat) Other Databases (Google Scholar) Online Stores (Bookfinder.com) Open Library (openlibrary.org)

Exporting to Dublin Core...

SOUTHVILLE LIBRARY

Southville International School and Colleges Library

1281 Tropical Ave. Cor. Luxembourg St., BF Homes International, Las Pinas City

Tel. No. 8256374 / 252358 Loc. 117/146

Powered by Koha